00755nam a2200229 a 450000100060000000300090000600800410001502000180005604000280007404100080010210000310011024501040014125000110024526000350025630000200029150000550031165000230036665000350038965000510042470000190047570000310049424967CO-ViMGA141112s2004 ck r 000 u spa d a9789588654386 aCO-ViMGAbspacCO-ViMGA aSPA1 aSlegers, Liesbest, 1975 - 10aLaura y la tripita de mamá / ctexto e ilustración Liesbet Slegers ; traducción Miriam Lozano a6a ed. aBogotá : bEdelvives, c2012 a24p. : il. col. aTitulo original de la obra : Kaatje en mama's buik14aDESDE LOS 3 AÑOS14aINFANCIA - LIBROS DE IMAGENES 14aNACIMIENTO DE UN HERMANO - LIBROS DE IMAGENES 1 aLozano, Miriam1 aSlegers, Liesbest, 1975 -